00361nam a22001457a 4500020001800000020001800018082001200036100001700048245004400065250001700109260002500126300000800151520002100159650003500180 a9780199599608 a9781429218207 a546 ATK aAtkins Peter aShriver and Atkins\ Inorganic Chemistry a5 th edition aLondonbOxfordc2010 a824 aatomic structure aChemistryaInorganic Chemistry